Giới thiệu sách : Giải pháp nâng cao hiệu quả đầu tư phát triển công nghiệp thành phố Đà Nẵng của Bùi Đức Hùng /

Bewaard in:
Bibliografische gegevens
Hoofdauteur: Nguyễn Hồng Anh.
Formaat: Artikel
Taal:Vietnamese
Onderwerpen:
Tags: Voeg label toe
Geen labels, Wees de eerste die dit record labelt!
Thư viện lưu trữ: Thư viện Trường Đại học Đà Lạt
LEADER 00894nam a2200265 4500
001 DLU100114328
005 ##20101217
040 # # |a DLU  |b vie 
041 # # |a vie 
044 # # |a vn 
100 # # |a Nguyễn Hồng Anh. 
245 # # |a Giới thiệu sách :  |b Giải pháp nâng cao hiệu quả đầu tư phát triển công nghiệp thành phố Đà Nẵng của Bùi Đức Hùng /  |c Nguyễn Hồng Anh. 
653 # # |a Nguồn nhân lực 
653 # # |a Phát triển công nghiệp 
653 # # |a Qui hoạch 
773 # # |t Tạp chí Khoa học xã hội miền Trung - Tây Nguyên  |g Số 3, 2008, tr. 79-80 
920 # # |a Phòng Tạp chí -- Trung tâm Thông tin - Thư viện Trường Đại học Đà Lạt 
994 # # |a DLU 
900 # # |a True 
911 # # |a Nguyễn Thị Linh Chi 
925 # # |a G 
926 # # |a A 
927 # # |a BB 
980 # # |a Thư viện Trường Đại học Đà Lạt